Sólo pro privatizační fondy.
Do privatizovaných podnikov z 1. vlny prichádzajú noví vlastníci - investičné privatizačné fondy, z ktorých tie veľké získali vo väčšine podnikov rozhodujúce postavenie. Rozhovor s 2 spoločnosťami - Rybářství Třeboň, Bateria Slaný. Fondy o podnikoch. Zameranie fondov v privatizovaných podnikoch a ic...
Saved in:
| Main Author: | |
|---|---|
| Format: | Book Chapter |
| Language: | Czech |
| Subjects: | |
| Tags: |
No Tags, Be the first to tag this record!
|
MARC
| LEADER | 00000naa a2200000 4500 | ||
|---|---|---|---|
| 001 | r013668 | ||
| 005 | 20221205075706.4 | ||
| 041 | 0 | |a cze | |
| 044 | |a CZ | ||
| 245 | 1 | 0 | |a Sólo pro privatizační fondy. |c A. Adámková |
| 520 | |a Do privatizovaných podnikov z 1. vlny prichádzajú noví vlastníci - investičné privatizačné fondy, z ktorých tie veľké získali vo väčšine podnikov rozhodujúce postavenie. Rozhovor s 2 spoločnosťami - Rybářství Třeboň, Bateria Slaný. Fondy o podnikoch. Zameranie fondov v privatizovaných podnikoch a ich priority. | ||
| 610 | 2 | 0 | |a privatizácia |
| 610 | 2 | 0 | |a IPF |
| 610 | 2 | 0 | |a podnik |
| 610 | 2 | 0 | |a Čechy |
| 610 | 2 | 0 | |a Rybářství Třeboň |
| 610 | 2 | 0 | |a Bateria Slaný |
| 610 | 2 | 0 | |a porovnanie medzipodnikové |
| 100 | 1 | |a Adámková, Alena | |